00726nam a22002177a 45000010005000000030007000050050017000120080041000290200019000700400033000890500016001220820012001381000032001502450050001823000025002325050007002575200184002645210018004485210018004667000024004844038FISKH 20240603095805.0240603b cb ||||| |||| 00| 0 eng d a9780547258553  aFISKH beng cFISKH dFISKH  aPZ7.P44855  a813.54  aPfeffer Beth Susan d1948-  aThe dead and the gone / cSusan Beth Pfeffer  a321 pages : c18 cm  aM  aAfter a meteor hits the moon and sets off a series of horrific climate changes, seventeen-year-old Alex Morales must take care of his sisters alone in the chaos of New York City. 8 a680 bLexile 8 aM bRaz-Plus  aSusan Beth Pfeffer